00693 a2200169 4500020001500000040000800015082001200023100002000035245014400055260004100199300003500240440004400275650003900319942002300358999001500381952012700396 a0201604787 aDLC00a005.1/51 aWhite, Brian A.10aSoftware configuration management strategies and Rational ClearCase : a practical introduction ba practical introduction cBrian A. White. aBoston, MA :bAddison-Wesley,c2000. axxiv, 305 p. :bill. ;c24 cm. 0aAddison-Wesley object technology series 0aSoftware configuration management. cBKk05.15 WHI2ddc c6037d6037 001040708NFICaCLbCLcGENd2002-01-04eNew Public Bookg2148.33l0o05.15 WHIpSEECS001642r2012-11-14w2017-01-05yBK